[Event "CZECH OPEN 2011 "]
[Site "Pardubice (CZE)"]
[Date "2011.07.25"]
[Round "4.18"]
[White "Kalod, Radek"]
[Black "Feuerstack, Aljoscha"]
[Result "1-0"]
[WhiteElo "2500"]
[BlackElo "2421"]
[PlyCount "59"]
[EventDate "2011.07.22"]

1. e4 c6 2. d4 d5 3. e5 Bf5 4. h4 h5 5. c4 e6 6. Nc3 Nd7 7. cxd5 cxd5 8. Bd3
Bxd3 9. Qxd3 a6 10. Nf3 Nh6 11. O-O Be7 12. Bg5 Nb8 13. Na4 Nc6 14. Nc5 Qb6 15.
Bxe7 Nxe7 16. Rfc1 Rc8 17. Rc3 Qa7 18. Rac1 Nhf5 19. Qd2 Nc6 20. Rb3 Nd8 21.
Nxb7 Rxc1+ 22. Qxc1 O-O 23. Qc7 Nxd4 24. Nxd4 Qxd4 25. Nxd8 Qd1+ 26. Kh2 Qd4
27. Nc6 Qf4+ 28. Rg3 Qxh4+ 29. Kg1 Qe4 30. Qb6 1-0

[Event "CZECH OPEN 2011 "]
[Site "Pardubice (CZE)"]
[Date "2011.07.25"]
[Round "4.24"]
[White "Ponizil, Cyril"]
[Black "Kononenko, Dmitry"]
[Result "0-1"]
[WhiteElo "2388"]
[BlackElo "2593"]
[PlyCount "74"]
[EventDate "2011.07.22"]

1. e4 c5 2. Nf3 d6 3. d4 cxd4 4. Nxd4 Nf6 5. Nc3 Nc6 6. Bg5 e6 7. Qd2 a6 8.
O-O-O Bd7 9. f4 b5 10. Bxf6 gxf6 11. Kb1 Qb6 12. Nxc6 Bxc6 13. Qe1 Ra7 14. Bd3
Qc5 15. f5 b4 16. Ne2 Bh6 17. Rf1 e5 18. Ng3 Ke7 19. Qe2 a5 20. Bc4 Rc8 21. b3
Be3 22. Qh5 Rf8 23. Rfe1 a4 24. Re2 Bd4 25. Qh6 Bb5 26. Rxd4 axb3 27. cxb3 exd4
28. e5 Bxc4 29. exd6+ Kd7 30. bxc4 Re8 31. Rxe8 Kxe8 32. Qxf6 Qxc4 33. Qe5+ Kd8
34. Ne4 Qxa2+ 35. Kc1 Qa1+ 36. Kd2 Ra2+ 37. Kd3 Qf1+ 0-1

[Event "CZECH OPEN 2011 "]
[Site "Pardubice (CZE)"]
[Date "2011.07.25"]
[Round "4.26"]
[White "Kravtsiv, Martyn"]
[Black "Studnicka, Tomas"]
[Result "1-0"]
[WhiteElo "2571"]
[BlackElo "2374"]
[PlyCount "57"]
[EventDate "2011.07.22"]

1. e4 e5 2. Nf3 Nf6 3. d4 Nxe4 4. Bd3 d5 5. Nxe5 Nd7 6. Nxd7 Bxd7 7. O-O Bd6 8.
c4 c6 9. cxd5 cxd5 10. Nc3 Nxc3 11. bxc3 O-O 12. Qh5 g6 13. Qxd5 Qc7 14. g3 Be6
15. Qf3 Qxc3 16. Rb1 Bf5 17. Rb3 Qc6 18. Bxf5 Qxf3 19. Rxf3 gxf5 20. Rxf5 Rfe8
21. Rg5+ Kf8 22. Rb5 b6 23. Bh6+ Ke7 24. Rf5 Bb4 25. Rb1 Bc3 26. Rd1 Rac8 27.
Rd3 Rc6 28. Re3+ Kd8 29. Rd5+ 1-0

[Event "CZECH OPEN 2011 "]
[Site "Pardubice (CZE)"]
[Date "2011.07.25"]
[Round "4.29"]
[White "Petr, Martin"]
[Black "Belyakov, Bogdan"]
[Result "1/2-1/2"]
[WhiteElo "2523"]
[BlackElo "2367"]
[PlyCount "38"]
[EventDate "2011.07.22"]

1. e4 e5 2. Nf3 Nc6 3. d4 exd4 4. Nxd4 Nf6 5. Nxc6 bxc6 6. e5 Qe7 7. Qe2 Nd5 8.
c4 Ba6 9. b3 O-O-O 10. Bb2 g5 11. h4 Bg7 12. hxg5 Rde8 13. Nd2 Nf4 14. Qg4 Bxe5
15. O-O-O f6 16. Nf3 Bxb2+ 17. Kxb2 Ne6 18. gxf6 Qxf6+ 19. Kc2 c5 1/2-1/2

[Event "CZECH OPEN 2011 "]
[Site "Pardubice (CZE)"]
[Date "2011.07.25"]
[Round "4.34"]
[White "Caletka, Radomir"]
[Black "Semcesen, Daniel"]
[Result "0-1"]
[WhiteElo "2357"]
[BlackElo "2480"]
[PlyCount "78"]
[EventDate "2011.07.22"]

1. d4 f5 2. Nf3 Nf6 3. g3 g6 4. Bg2 Bg7 5. O-O O-O 6. b3 d6 7. Bb2 Qe8 8. Nbd2
Nc6 9. c4 e5 10. e3 h6 11. a3 g5 12. b4 e4 13. Ne1 f4 14. exf4 gxf4 15. Nc2 f3
16. Bh1 Qh5 17. Re1 Bf5 18. Ne3 Rae8 19. b5 Ne7 20. Nxf3 exf3 21. Bxf3 Qf7 22.
Nxf5 Nxf5 23. Qd3 Ne7 24. Bxb7 Kh8 25. Bg2 Nd7 26. f4 Nb6 27. Rac1 Nf5 28. Rxe8
Rxe8 29. Be4 Nxc4 30. Ba1 Nfe3 31. d5 Bxa1 32. Rxa1 Qf6 33. Rb1 Nxa3 34. Qxa3
Rxe4 35. Qxa7 Re7 36. b6 cxb6 37. Qxb6 Nxd5 38. Qd8+ Kg7 39. Rd1 Re1+ 0-1

[Event "CZECH OPEN 2011 "]
[Site "Pardubice (CZE)"]
[Date "2011.07.25"]
[Round "4.35"]
[White "Kulovana, Eva"]
[Black "Lalic, Bogdan"]
[Result "1/2-1/2"]
[WhiteElo "2330"]
[BlackElo "2470"]
[PlyCount "24"]
[EventDate "2011.07.22"]

1. e4 e5 2. Nf3 Nc6 3. Bb5 a6 4. Ba4 Nf6 5. O-O Be7 6. Bxc6 dxc6 7. d3 Bd6 8.
d4 Be7 9. Nc3 exd4 10. Qxd4 Qxd4 11. Nxd4 O-O 12. Bf4 Bb4 1/2-1/2

[Event "CZECH OPEN 2011 "]
[Site "Pardubice (CZE)"]
[Date "2011.07.25"]
[Round "4.42"]
[White "Recuero Guerra, David"]
[Black "Boruchovsky, Avital"]
[Result "1/2-1/2"]
[WhiteElo "2441"]
[BlackElo "2297"]
[PlyCount "35"]
[EventDate "2011.07.22"]

1. d4 d5 2. c4 e6 3. Nf3 Nf6 4. g3 dxc4 5. Bg2 Bb4+ 6. Bd2 c5 7. dxc5 Bxc5 8.
Qa4+ Nbd7 9. Qxc4 b5 10. Qxb5 Rb8 11. Qa4 Rxb2 12. O-O O-O 13. Bc3 Rb8 14. Nd4
Bb7 15. Nc6 Bxc6 16. Qxc6 Rc8 17. Qa4 Nb6 18. Qb3 1/2-1/2

[Event "CZECH OPEN 2011 "]
[Site "Pardubice (CZE)"]
[Date "2011.07.25"]
[Round "4.54"]
[White "Sengupta, Deep"]
[Black "Shemeakin, Alexander"]
[Result "1-0"]
[WhiteElo "2563"]
[BlackElo "2317"]
[PlyCount "53"]
[EventDate "2011.07.22"]

1. e4 e6 2. d4 d5 3. Nc3 Nf6 4. e5 Nfd7 5. Nce2 c5 6. c3 Nc6 7. f4 Qb6 8. Nf3
Be7 9. a3 O-O 10. h4 f6 11. Rh3 a5 12. b3 Kh8 13. Ra2 Qd8 14. Neg1 a4 15. b4
cxd4 16. cxd4 Nb6 17. Bd3 Bd7 18. Bxh7 fxe5 19. Ng5 Qe8 20. fxe5 Nxb4 21. axb4
Bxb4+ 22. Bd2 Bxd2+ 23. Qxd2 Nc4 24. Qe2 b5 25. Rf3 Rxf3 26. Qxf3 b4 27. Rf2
1-0

[Event "CZECH OPEN 2011 "]
[Site "Pardubice (CZE)"]
[Date "2011.07.25"]
[Round "4.63"]
[White "Rjabzev, Konstantin"]
[Black "Zpevak, Pavel"]
[Result "1/2-1/2"]
[WhiteElo "2271"]
[BlackElo "2409"]
[PlyCount "33"]
[EventDate "2011.07.22"]

1. e4 c5 2. Nf3 e6 3. d4 cxd4 4. Nxd4 a6 5. Bd3 Nf6 6. O-O Qc7 7. c4 Nc6 8.
Nxc6 dxc6 9. Nc3 e5 10. Qe2 Bc5 11. Be3 Bxe3 12. Qxe3 O-O 13. Be2 Be6 14. c5
Rad8 15. Rfd1 Rxd1+ 16. Rxd1 Rd8 17. f3 1/2-1/2

[Event "CZECH OPEN 2011 "]
[Site "Pardubice (CZE)"]
[Date "2011.07.25"]
[Round "4.74"]
[White "Nun, Jiri"]
[Black "Majer, Jiri"]
[Result "1/2-1/2"]
[WhiteElo "2360"]
[BlackElo "2217"]
[PlyCount "33"]
[EventDate "2011.07.22"]

1. e4 d6 2. d4 Nf6 3. Nc3 g6 4. Be3 Bg7 5. Be2 c6 6. a4 Nbd7 7. h3 O-O 8. Nf3
e5 9. dxe5 dxe5 10. O-O Qe7 11. Qd3 Nh5 12. Qd2 Nc5 13. Rfd1 Nf6 14. Bxc5 Qxc5
15. Qd6 Qxd6 16. Rxd6 Ne8 17. Rdd1 1/2-1/2

[Event "CZECH OPEN 2011 "]
[Site "Pardubice (CZE)"]
[Date "2011.07.25"]
[Round "4.76"]
[White "Oparin, Grigoriy"]
[Black "Slacky, Stanislav"]
[Result "1-0"]
[WhiteElo "2356"]
[BlackElo "2205"]
[PlyCount "51"]
[EventDate "2011.07.22"]

1. e4 Nf6 2. e5 Nd5 3. d4 d6 4. Nf3 dxe5 5. Nxe5 g6 6. Bc4 c6 7. Nc3 Bg7 8. Qf3
Be6 9. O-O O-O 10. Ne4 Nc7 11. Bxe6 Nxe6 12. c3 c5 13. d5 Nc7 14. Bf4 f5 15.
Ng5 Qxd5 16. Qh3 h6 17. Nxg6 Nc6 18. Nxf8 Rxf8 19. Nf3 Ne6 20. Bxh6 Bxh6 21.
Qxh6 Rf6 22. Qd2 Qe4 23. Rfe1 Qg4 24. Qd5 f4 25. h3 Qg6 26. Rxe6 1-0

[Event "CZECH OPEN 2011 "]
[Site "Pardubice (CZE)"]
[Date "2011.07.24"]
[Round "3.20"]
[White "Batchuluun, Tsegmed"]
[Black "Jaracz, Pawel"]
[Result "1/2-1/2"]
[WhiteElo "2427"]
[BlackElo "2575"]
[PlyCount "62"]
[EventDate "2011.07.22"]

1. d4 d5 2. c4 dxc4 3. Nf3 Nf6 4. e3 e6 5. Bxc4 a6 6. O-O Nbd7 7. Bb3 b5 8. a4
Bb7 9. Qe2 c5 10. Rd1 Qb8 11. axb5 axb5 12. Rxa8 Bxa8 13. dxc5 Nxc5 14. Bc2 b4
15. b3 Be7 16. Bb2 O-O 17. Nbd2 Nd5 18. Be5 Qb7 19. Qc4 Nd7 20. Bb2 Bf6 21.
Bxf6 N7xf6 22. Ne4 Rc8 23. Nxf6+ Nxf6 24. Qd4 Qe7 25. Bd3 Bd5 26. Ba6 Ra8 27.
Bc4 h6 28. Ne5 Qa7 29. Qxa7 Rxa7 30. f3 Bxc4 31. Nxc4 Rd7 1/2-1/2

[Event "CZECH OPEN 2011 "]
[Site "Pardubice (CZE)"]
[Date "2011.07.25"]
[Round "4.17"]
[White "Jojua, Davit"]
[Black "Akesson, Ralf"]
[Result "1/2-1/2"]
[WhiteElo "2505"]
[BlackElo "2429"]
[PlyCount "89"]
[EventDate "2011.07.22"]

1. d4 Nf6 2. c4 e6 3. Nf3 d5 4. Nc3 Be7 5. Bg5 O-O 6. cxd5 exd5 7. e3 c6 8. Bd3
Nbd7 9. Qc2 Re8 10. O-O Nf8 11. h3 Be6 12. Ne5 N6d7 13. Bxe7 Qxe7 14. f4 f6 15.
Nf3 Qd6 16. f5 Bf7 17. Qf2 Re7 18. Rae1 Rae8 19. Kh1 a6 20. Rg1 c5 21. g4 cxd4
22. exd4 Qf4 23. Rxe7 Rxe7 24. Kg2 h5 25. Qg3 Qxg3+ 26. Kxg3 Nb6 27. Re1 Rxe1
28. Nxe1 hxg4 29. hxg4 Nfd7 30. b3 Kf8 31. Ng2 Ke7 32. Nf4 Kd6 33. Kf3 Nc8 34.
Nce2 Na7 35. Ng3 Nc6 36. Ke3 Ke7 37. Ng6+ Bxg6 38. fxg6 Kf8 39. Bf5 Nb6 40. Nh5
Na8 41. Bc8 Nd8 42. Nf4 Nc7 43. Nd3 b6 44. Nb2 a5 45. Na4 1/2-1/2

[Event "CZECH OPEN 2011 "]
[Site "Pardubice (CZE)"]
[Date "2011.07.25"]
[Round "4.19"]
[White "Kashlinskaya, Alina"]
[Black "Jansa, Vlastimil"]
[Result "1/2-1/2"]
[WhiteElo "2360"]
[BlackElo "2493"]
[PlyCount "120"]
[EventDate "2011.07.22"]

1. d4 d6 2. Nf3 Bg4 3. e4 Nf6 4. Nc3 c6 5. h3 Bh5 6. Qe2 e6 7. g4 Bg6 8. h4 h5
9. g5 Nfd7 10. Bh3 Be7 11. O-O O-O 12. Ne1 d5 13. Nd3 dxe4 14. Nf4 Bf5 15. Qxh5
g6 16. Qe2 Qb6 17. Rd1 Bd6 18. Bg2 Qc7 19. Qe3 e5 20. dxe5 Bc5 21. Qe2 Nxe5 22.
Nxe4 Nbd7 23. Nxc5 Nxc5 24. Be3 Ncd7 25. Nd3 Bg4 26. f3 Nxf3+ 27. Bxf3 Qg3+ 28.
Qg2 Qxf3 29. Qxf3 Bxf3 30. Rd2 Rfe8 31. Kf2 Bg4 32. Nc5 Nb6 33. Rd4 Nd5 34. Ne4
Bf5 35. Rxd5 Rxe4 36. Rd4 Re7 37. Rad1 Rae8 38. Bf4 Bxc2 39. R1d2 Be4 40. Rd8
Bd5 41. Rxe8+ Rxe8 42. a3 Re4 43. Bg3 f5 44. gxf6 Re6 45. f7+ Kxf7 46. Re2 Rf6+
47. Ke1 a5 48. Rf2 Bf3 49. Kd2 Rf5 50. Ke3 Bd1 51. Rxf5+ gxf5 52. Bc7 a4 53.
Kf4 Kf6 54. Bd8+ Kg6 55. Bb6 Bc2 56. Bd4 b5 57. Bb6 Bd1 58. Bd8 Bg4 59. Ke5 Be2
60. Kf4 Bd3 1/2-1/2

[Event "CZECH OPEN 2011 "]
[Site "Pardubice (CZE)"]
[Date "2011.07.25"]
[Round "4.22"]
[White "Dmitrenko, Viktor"]
[Black "Gundavaa, Bayarsaikhan"]
[Result "1/2-1/2"]
[WhiteElo "2353"]
[BlackElo "2480"]
[PlyCount "91"]
[EventDate "2011.07.22"]

1. d4 Nf6 2. Nf3 e6 3. a3 d5 4. c4 Nbd7 5. Bg5 h6 6. Bh4 dxc4 7. e3 b5 8. b3
cxb3 9. Bxb5 Rb8 10. Bc4 g5 11. Bg3 Ne4 12. Bxb3 Bg7 13. Nbd2 Nxg3 14. hxg3 c5
15. Nc4 Ba6 16. O-O O-O 17. Rc1 g4 18. Nh2 Qg5 19. Re1 Rfd8 20. Na5 cxd4 21.
Nc6 Nc5 22. f4 Qh5 23. Nxg4 Kf8 24. Nxb8 Rxb8 25. Ne5 Qxd1 26. Bxd1 Bxe5 27.
Rxc5 Bf6 28. Ra5 Rb6 29. e4 d3 30. e5 d2 31. Rf1 Bd8 32. Rxa6 Rxa6 33. Rf3 Be7
34. a4 Rc6 35. Kf1 a5 36. Rd3 Bb4 37. Ke2 Rc1 38. g4 Kg7 39. g3 Kg6 40. Rd8 h5
41. gxh5+ Kxh5 42. Rxd2 Bxd2 43. Kxd2+ Rxd1+ 44. Kxd1 Kg4 45. Ke2 Kxg3 46. Ke3
1/2-1/2

[Event "CZECH OPEN 2011 "]
[Site "Pardubice (CZE)"]
[Date "2011.07.25"]
[Round "4.25"]
[White "Jaracz, Pawel"]
[Black "Bures, Jaroslav"]
[Result "1-0"]
[WhiteElo "2575"]
[BlackElo "2380"]
[PlyCount "99"]
[EventDate "2011.07.22"]

1. c4 Nf6 2. Nf3 g6 3. b4 Bg7 4. Bb2 O-O 5. e3 c6 6. d4 a5 7. b5 cxb5 8. cxb5
d5 9. h3 Bf5 10. Be2 Bxb1 11. Rxb1 Nbd7 12. O-O Ne4 13. Qb3 Nb6 14. Rfc1 Qd7
15. Ba3 Nd6 16. Nd2 a4 17. Qb2 Rfc8 18. Bc5 Qd8 19. Qa3 Bf8 20. Bxd6 Qxd6 21.
Qxd6 exd6 22. Bf3 f5 23. Kf1 Kf7 24. Ke2 Ke6 25. Kd1 Be7 26. Rxc8 Rxc8 27. Rc1
Nc4 28. Rc2 Bd8 29. Be2 Nb6 30. Nb1 Ra8 31. Nc3 Nd7 32. Bf3 Nf6 33. Ne2 g5 34.
g4 fxg4 35. hxg4 Ba5 36. Ng3 Rf8 37. Ke2 h5 38. gxh5 g4 39. Bg2 Rh8 40. f3 Nxh5
41. Nxh5 Rxh5 42. fxg4 Rh7 43. a3 Rc7 44. Rxc7 Bxc7 45. Kd3 Ba5 46. Bf3 b6 47.
Bd1 Kf6 48. Bxa4 Kg5 49. Bd1 Be1 50. Ke2 1-0

[Event "CZECH OPEN 2011 "]
[Site "Pardubice (CZE)"]
[Date "2011.07.25"]
[Round "4.46"]
[White "Potapov, Alexander"]
[Black "Goikhman, Valentin"]
[Result "1/2-1/2"]
[WhiteElo "2418"]
[BlackElo "2256"]
[PlyCount "80"]
[EventDate "2011.07.22"]

1. d4 Nf6 2. c4 e6 3. Nc3 Bb4 4. g3 c5 5. Nf3 cxd4 6. Nxd4 Ne4 7. Qd3 Qa5 8.
Nb3 Qf5 9. Qe3 Nc6 10. Bg2 Nxc3 11. bxc3 Be7 12. c5 O-O 13. O-O b6 14. Nd4 Qxc5
15. Nxc6 dxc6 16. Qxc5 bxc5 17. Bxc6 Rb8 18. Rd1 Bf6 19. Be3 Bxc3 20. Rac1 Bd4
21. Bxd4 cxd4 22. Rxd4 Bb7 23. Bb5 g6 24. a4 Rfc8 25. Rxc8+ Rxc8 26. f3 Bd5 27.
e4 Rc1+ 28. Kf2 Bc6 29. Be2 Ra1 30. Rd6 Bxa4 31. Ra6 Ra2 32. Rxa7 Bb3 33. Rxa2
Bxa2 34. e5 g5 35. Ke3 f6 36. Kd4 Kf7 37. f4 gxf4 38. gxf4 fxe5+ 39. Kxe5 Ke7
40. Bd3 h6 1/2-1/2

[Event "CZECH OPEN 2011 "]
[Site "Pardubice (CZE)"]
[Date "2011.07.25"]
[Round "4.49"]
[White "Straka, Vojtech"]
[Black "Voloshin, Leonid"]
[Result "1/2-1/2"]
[WhiteElo "2200"]
[BlackElo "2411"]
[PlyCount "41"]
[EventDate "2011.07.22"]

1. d4 Nf6 2. Nf3 e6 3. Bg5 c5 4. e3 d5 5. Nbd2 Be7 6. c3 O-O 7. Bd3 b6 8. Ne5
Bb7 9. O-O Ne4 10. Bxe7 Qxe7 11. f4 f6 12. Ng4 Nd7 13. Qc2 Kh8 14. Rad1 Rac8
15. Nxe4 dxe4 16. Bxe4 Bxe4 17. Qxe4 f5 18. Qb7 Rb8 19. Qxa7 Ra8 20. Qb7 Rab8
21. Qa7 1/2-1/2

[Event "CZECH OPEN 2011 "]
[Site "Pardubice (CZE)"]
[Date "2011.07.25"]
[Round "4.53"]
[White "Rojicek, Vojtech"]
[Black "Chernyshova, Natalia"]
[Result "1-0"]
[WhiteElo "2396"]
[BlackElo "2039"]
[PlyCount "63"]
[EventDate "2011.07.22"]

1. d4 Nf6 2. c4 g6 3. g3 Bg7 4. Bg2 c5 5. d5 d6 6. Nc3 Nbd7 7. Nf3 a6 8. a4 O-O
9. O-O Rb8 10. e4 Ne8 11. Bf4 Nc7 12. Qe2 f6 13. a5 b5 14. axb6 Nxb6 15. Rfd1
Bd7 16. h3 Qc8 17. Kh2 Qb7 18. Rdb1 Nc8 19. Ne1 Qb6 20. b4 cxb4 21. Be3 Qb7 22.
Nd3 bxc3 23. Rxb7 Rxb7 24. Bd4 Nb6 25. Bxc3 Nxc4 26. Nc5 dxc5 27. Qxc4 Nb5 28.
d6+ Kh8 29. dxe7 Rfb8 30. e5 fxe5 31. Bxb7 Nxc3 32. Qxc3 1-0

[Event "CZECH OPEN 2011 "]
[Site "Pardubice (CZE)"]
[Date "2011.07.25"]
[Round "4.72"]
[White "Jasny, Stanislav"]
[Black "Kratochvil, Josef"]
[Result "1-0"]
[WhiteElo "2366"]
[BlackElo "2230"]
[PlyCount "71"]
[EventDate "2011.07.22"]

1. e4 c5 2. Nf3 e6 3. d4 cxd4 4. Nxd4 a6 5. Nc3 b5 6. Bd3 Bb7 7. O-O Qb6 8. Nb3
Qc7 9. Qe2 Nc6 10. Bd2 Nf6 11. f4 d6 12. a4 b4 13. Na2 Be7 14. Kh1 a5 15. c3
O-O 16. Rac1 Qb8 17. Nd4 Rc8 18. Nxc6 Bxc6 19. cxb4 axb4 20. Nxb4 Bxa4 21.
Rxc8+ Qxc8 22. e5 Ne8 23. f5 dxe5 24. fxe6 fxe6 25. Bxh7+ Kxh7 26. Qh5+ Kg8 27.
Qf7+ Kh8 28. Qxe7 Qd8 29. Rf8+ Kh7 30. Qxe6 Qxd2 31. Qf5+ g6 32. Qh3+ Qh6 33.
Rh8+ Kxh8 34. Qxh6+ Kg8 35. Qxg6+ Ng7 36. h4 1-0

[Event "CZECH OPEN 2011 "]
[Site "Pardubice (CZE)"]
[Date "2011.07.25"]
[Round "4.75"]
[White "Oganian, Miran"]
[Black "Ageichenko, Genadi A"]
[Result "1/2-1/2"]
[WhiteElo "2204"]
[BlackElo "2356"]
[PlyCount "41"]
[EventDate "2011.07.22"]

1. d4 Nf6 2. c4 e6 3. Nf3 b6 4. a3 Bb7 5. Nc3 Ne4 6. Nxe4 Bxe4 7. Nd2 Bb7 8. e4
d6 9. Be2 Be7 10. O-O e5 11. d5 O-O 12. b4 Nd7 13. Bb2 g6 14. Qc2 Bf6 15. Nb3
c6 16. a4 c5 17. bxc5 Nxc5 18. a5 Qe7 19. axb6 axb6 20. Nxc5 bxc5 21. Bc3
1/2-1/2

[Event "CZECH OPEN 2011 "]
[Site "Pardubice (CZE)"]
[Date "2011.07.25"]
[Round "4.127"]
[White "Jirasek, Pavel"]
[Black "Cizinsky, Petr"]
[Result "1-0"]
[WhiteElo "2273"]
[BlackElo "2148"]
[PlyCount "61"]
[EventDate "2011.07.22"]

1. e4 c5 2. Nf3 d6 3. c3 Nf6 4. Be2 e6 5. O-O Be7 6. Re1 Nc6 7. d3 O-O 8. Nbd2
d5 9. Qc2 b6 10. Nf1 Ba6 11. Bf4 Nh5 12. Be3 Rc8 13. e5 d4 14. Bc1 Bb7 15. g4
Bh4 16. gxh5 Nxe5 17. Nxe5 Bxf2+ 18. Kxf2 Qh4+ 19. Kg1 Qxe1 20. Qd2 Qh4 21. h6
f6 22. hxg7 Kxg7 23. Ng4 Kh8 24. Qf4 dxc3 25. bxc3 Qe1 26. Qd2 Qh4 27. Nf2 e5
28. Ng3 Rf7 29. Qh6 Qa4 30. Bh5 Qh4 31. Bxf7 1-0

[Event "CZECH OPEN 2011 "]
[Site "Pardubice (CZE)"]
[Date "2011.07.25"]
[Round "4.32"]
[White "Yakunin, Alexey"]
[Black "Gutman, Gennadi"]
[Result "1/2-1/2"]
[WhiteElo "2360"]
[BlackElo "2501"]
[PlyCount "117"]
[EventDate "2011.07.22"]

1. e4 c5 2. Nf3 e6 3. c3 d5 4. exd5 exd5 5. d4 Nc6 6. Bb5 Bd6 7. O-O Nge7 8.
dxc5 Bxc5 9. Nbd2 O-O 10. Nb3 Bd6 11. Bg5 Bg4 12. Bh4 Qb6 13. Bxe7 Bxe7 14. Be2
Rad8 15. Nfd4 Bc8 16. Qc2 Bf6 17. Rad1 Rfe8 18. h3 g6 19. Bf3 Ne5 20. Rfe1 Kg7
21. Nd2 Nxf3+ 22. N2xf3 Re4 23. Qb3 Qxb3 24. axb3 a6 25. b4 Rde8 26. Rxe4 dxe4
27. Re1 Bd7 28. Nd2 Bxd4 29. cxd4 Bc6 30. Nc4 Rd8 31. Rd1 f5 32. g3 g5 33. Na5
Bd5 34. Rc1 Rd7 35. Rc8 Bf7 36. Rb8 Bd5 37. b3 Rc7 38. Nc4 f4 39. gxf4 gxf4 40.
Rd8 Bxc4 41. bxc4 Rxc4 42. Rd7+ Kf6 43. Rxb7 Rc1+ 44. Kg2 h5 45. Rh7 Rc2 46.
Kg1 e3 47. fxe3 fxe3 48. Kf1 Kf5 49. Rxh5+ Ke4 50. Re5+ Kd3 51. d5 Rf2+ 52. Ke1
Rb2 53. Kf1 Rxb4 54. d6 Rd4 55. Ra5 Rxd6 56. Ke1 Re6 57. Ra3+ Kc2 58. Ke2 Kb2
59. Rxe3 1/2-1/2

[Event "CZECH OPEN 2011 "]
[Site "Pardubice (CZE)"]
[Date "2011.07.25"]
[Round "4.33"]
[White "Gavrilov, Alexei"]
[Black "Kachar, Vladimir"]
[Result "1-0"]
[WhiteElo "2481"]
[BlackElo "2328"]
[PlyCount "89"]
[EventDate "2011.07.22"]

1. d4 Nf6 2. c4 e6 3. Nf3 d5 4. Nc3 Nbd7 5. cxd5 exd5 6. Bg5 c6 7. e3 Be7 8.
Qc2 Nh5 9. Bxe7 Qxe7 10. Be2 Nhf6 11. O-O O-O 12. a3 Nb6 13. Nd2 Be6 14. b4 Nc8
15. b5 c5 16. dxc5 Qxc5 17. Nb3 Qe7 18. Nd4 Nd6 19. Qb3 Rfc8 20. Rfc1 Qd8 21.
Rc2 Nde4 22. Nxe4 Nxe4 23. Rac1 Rxc2 24. Rxc2 Rc8 25. f3 Nf6 26. Rxc8 Qxc8 27.
b6 axb6 28. Qxb6 Nd7 29. Qa5 Ne5 30. Kf2 h6 31. Qb6 Nd7 32. Qb5 Qc7 33. Bd3 Nf6
34. g3 Bc8 35. Qb2 Qc5 36. Ke2 Ne8 37. Kd2 Nd6 38. Qc3 Qb6 39. a4 Be6 40. a5
Qd8 41. Qc5 g5 42. Kc3 Kg7 43. Kb4 Kf6 44. a6 Ke7 45. Nc6+ 1-0

[Event "CZECH OPEN 2011 "]
[Site "Pardubice (CZE)"]
[Date "2011.07.25"]
[Round "4.43"]
[White "Taddei, Benoit"]
[Black "Szablowski, Pawel"]
[Result "0-1"]
[WhiteElo "2288"]
[BlackElo "2433"]
[PlyCount "64"]
[EventDate "2011.07.22"]

1. e4 Nf6 2. e5 Nd5 3. d4 d6 4. c4 Nb6 5. f4 Bf5 6. Nc3 e6 7. Nf3 dxe5 8. fxe5
Nc6 9. Be3 Bg4 10. Be2 Qd7 11. O-O O-O-O 12. c5 Nd5 13. Nxd5 Qxd5 14. h3 Bf5
15. Qe1 f6 16. Qh4 Bg6 17. b3 Qe4 18. Qf2 Be7 19. Bc4 fxe5 20. Bxe6+ Kb8 21. d5
Nb4 22. Ng5 Qc2 23. Nf7 Bxf7 24. Qxc2 Nxc2 25. Rxf7 Bf6 26. d6 c6 27. Rc1 Nxe3
28. Rc3 Nd5 29. Bxd5 cxd5 30. c6 Rxd6 31. Rxb7+ Ka8 32. Rf7 e4 0-1

[Event "CZECH OPEN 2011 "]
[Site "Pardubice (CZE)"]
[Date "2011.07.25"]
[Round "4.56"]
[White "Michiels, Bart"]
[Black "Kersten, Uwe"]
[Result "1-0"]
[WhiteElo "2489"]
[BlackElo "2314"]
[PlyCount "181"]
[EventDate "2011.07.22"]

1. e4 c5 2. Nf3 e6 3. d4 cxd4 4. Nxd4 a6 5. c4 Nf6 6. Nc3 Qc7 7. a3 b6 8. Be3
Bb7 9. f3 Be7 10. Rc1 O-O 11. Be2 d6 12. O-O Nbd7 13. Qd2 Rac8 14. Rfd1 Rfe8
15. Kh1 Qb8 16. b4 h5 17. Bf1 h4 18. Qf2 Bd8 19. Na4 h3 20. g3 Ne5 21. Kg1 Nfd7
22. Nb2 d5 23. exd5 exd5 24. Bxh3 dxc4 25. f4 c3 26. Na4 c2 27. Rxc2 Rxc2 28.
Qxc2 Nf3+ 29. Nxf3 Bxf3 30. Rxd7 Rxe3 31. Qc4 Re7 32. Rxe7 Bxe7 33. Qxa6 Qd6
34. Qc8+ Bf8 35. Qd7 Qf6 36. Qd3 Bb7 37. Kf2 Qh6 38. Bf1 Qxh2+ 39. Ke1 Qg1 40.
Ke2 Qh2+ 41. Ke1 Qg1 42. Kd2 Be7 43. Be2 Bc6 44. b5 Bh1 45. Qe3 Qxe3+ 46. Kxe3
Bb7 47. Bf3 Bc8 48. Bc6 Kf8 49. Ke4 Bd8 50. Nb2 Be6 51. Nd3 Bb3 52. Ne5 Ke7 53.
Bd5 Bc2+ 54. Kd4 f6 55. Nc6+ Kd7 56. Nxd8 Kxd8 57. Kc3 Bd1 58. Kb4 Bc2 59. a4
g5 60. fxg5 fxg5 61. a5 bxa5+ 62. Kxa5 Kc7 63. b6+ Kb8 64. Kb5 Bd1 65. Kc5 g4
66. Kd4 Be2 67. Ke3 Bd1 68. Kf4 Be2 69. Be6 Kb7 70. Bxg4 Bc4 71. Bf3+ Kxb6 72.
g4 Kc7 73. Ke5 Kd7 74. Kf6 Ke8 75. g5 Bd3 76. Kg7 Ke7 77. Bd5 Bf5 78. Bg8 Be4
79. Kh6 Bf5 80. Bh7 Be6 81. g6 Kf6 82. g7 Bf7 83. Bc2 Bg8 84. Bd3 Ke7 85. Kg6
Ke8 86. Kf6 Kd8 87. Bg6 Kd7 88. Bf7 Bh7 89. Kg5 Ke7 90. Bc4 Ke8 91. Kh6 1-0

[Event "CZECH OPEN 2011 "]
[Site "Pardubice (CZE)"]
[Date "2011.07.25"]
[Round "4.67"]
[White "Seger, Ruediger"]
[Black "Severiukhina, Zoja"]
[Result "1/2-1/2"]
[WhiteElo "2390"]
[BlackElo "2270"]
[PlyCount "81"]
[EventDate "2011.07.22"]

1. e4 e5 2. Nf3 Nc6 3. Bb5 a6 4. Bxc6 dxc6 5. O-O Ne7 6. Nxe5 Qd4 7. Qh5 g6 8.
Qg5 Bg7 9. Nd3 f5 10. e5 c5 11. b3 b6 12. Bb2 Qd5 13. Nc3 Qc6 14. Rfe1 h6 15.
Qh4 Bb7 16. f3 g5 17. Qh5+ Qg6 18. Qxg6+ Nxg6 19. Ne2 h5 20. Ng3 Nh4 21. Re2
Ke7 22. f4 g4 23. e6 Bxb2 24. Nxb2 Rh6 25. Rae1 Rf8 26. Nc4 Bxg2 27. Rxg2 Nf3+
28. Kf2 h4 29. Nf1 Nxe1 30. Kxe1 Rxe6+ 31. Ne5 Rd8 32. Ne3 Kf6 33. c3 a5 34. a4
c6 35. N3c4 b5 36. Nxa5 Ra8 37. Naxc6 bxa4 38. bxa4 Rxa4 39. Re2 g3 40. hxg3
hxg3 41. Rg2 1/2-1/2

[Event "CZECH OPEN 2011 "]
[Site "Pardubice (CZE)"]
[Date "2011.07.25"]
[Round "4.68"]
[White "Balacek, Tadeas"]
[Black "Gorbatov, Alexej"]
[Result "0-1"]
[WhiteElo "2251"]
[BlackElo "2375"]
[PlyCount "100"]
[EventDate "2011.07.22"]

1. d4 d6 2. Nf3 Nf6 3. c4 Bf5 4. Qb3 Qc8 5. g3 h6 6. Bg2 c6 7. Nc3 Bh7 8. O-O
Nbd7 9. Re1 e5 10. e4 Qc7 11. Qd1 Be7 12. b3 O-O 13. Bb2 Rad8 14. Qd2 a6 15.
Rac1 Qb8 16. a4 a5 17. h3 Qa7 18. Rcd1 Rfe8 19. d5 Nc5 20. Qc2 Qb6 21. Nd2 Nfd7
22. h4 Na6 23. Na2 Rc8 24. Bh3 Rc7 25. Bxd7 Rxd7 26. Qd3 Rf8 27. Qe3 Bd8 28.
Ba3 Qxe3 29. Rxe3 Bb6 30. Rd3 Bd4 31. Nc3 Nb4 32. Bxb4 axb4 33. Ne2 Bc5 34. g4
h5 35. g5 f6 36. Rf3 Rdf7 37. Rf1 fxg5 38. Rxf7 Rxf7 39. hxg5 Bb6 40. Kg2 Bd8
41. Rd1 c5 42. f3 Bxg5 43. Nf1 Bg6 44. Nh2 Be3 45. Rd3 Bh6 46. Rd1 Rf6 47. Nc1
Be8 48. Nd3 Bd7 49. Nf2 Rg6+ 50. Kf1 Bf4 0-1

[Event "CZECH OPEN 2011 "]
[Site "Pardubice (CZE)"]
[Date "2011.07.25"]
[Round "4.69"]
[White "Kulhanek, Tomas"]
[Black "Liepold, Stefan"]
[Result "1-0"]
[WhiteElo "2375"]
[BlackElo "2266"]
[PlyCount "81"]
[EventDate "2011.07.22"]

1. e4 e6 2. d4 d5 3. e5 c5 4. c3 Qb6 5. a3 Nc6 6. Nf3 Nh6 7. b4 cxd4 8. cxd4
Nf5 9. Bb2 Bd7 10. g4 Nfe7 11. Bd3 Na5 12. Nc3 Nc4 13. Rb1 Rc8 14. Na4 Bxa4 15.
Qxa4+ Qc6 16. Qb3 Nxb2 17. Qxb2 Qc3+ 18. Qd2 Qxa3 19. O-O Nc6 20. Rfc1 Kd7 21.
Rc3 Qa4 22. Rcb3 a6 23. Qf4 Be7 24. Kg2 g5 25. Qe3 h5 26. h3 hxg4 27. hxg4 Nxb4
28. Be2 a5 29. Nxg5 Bxg5 30. Qxg5 Rc2 31. Qg7 Re8 32. Bd1 Qa2 33. Bxc2 Qxc2 34.
Qxf7+ Re7 35. Qf3 b5 36. Re1 Qg6 37. Rc3 Rg7 38. Kg3 Nc6 39. Rec1 Ne7 40. Rc7+
Ke8 41. Ra7 1-0